000 00477nam a2200157 4500
999 _c5383
_d5383
008 161024b xxu||||| |||| 00| 0 eng d
022 _a9770118389007
082 _aDPer 641.05 F73 Mar-Nov 2012
100 _916630
_aYrastorza, Caren Bayhon
245 _aSalad of summer/
_cCaren Bayhon Yrastorza.
260 _aQuezon City:
_bABS CBN Publishing, Inc.,
_c©2012.
300 _apages 48-50;
_c30 cm.
500 _aFood.
650 0 _916631
_aDesserts
942 _2ddc
_cPER